01631nam a2200253 i 4500001000700000003000900007005001700016007000300033008004100036100003200077245018600109260003700295300002100332500002300353505061900376700003500995700003601030700004801066700004501114700004201159852003401201999001901235952012301254134745ES-MaACL20251012175129.0t|070913m19051906sp ||||1| spa d1 aWeis, Albert Maria.911638010aApología del cristianismo desde el punto de vista de las costumbres y de la civilización / cAlberto Maria Weis ; obra escrita en alemán y traducida por Dionisio Fierro Gasca. aBarcelona : bGili, c1905-1906. a10 v. ; c24 cm. aFalta el vol. VII.8 aContiene: I-II: El hombre completo III-IV: Humanidad y humanismo / traducido por Eugenio González Mir V-VI: Naturaleza y sobrenaturaleza, espíritu y vida del Cristianismo / traducción de la última edición alemana por el Dr. D. Norberto Font y Sagué VII-VIII: La cuestión social y el orden social. Manual de Sociología / traducción de la última edición alemana, por el Dr. D. Modesto Hernández Villaescusa IX-X: Filosofía de la Perfección. Doctrina de la más elevada empresa moral del hombre / traducción de la última edición alemana, por el Dr. D. Emilio A. Villelga Rodríguez1 aFierro Gasca, Dionisio.9507161 aGonzález Mir, Eugenio.9588131 aFont y Sagué, Norbert, d1874-19109515751 aHernández Villaescusa, Modesto.9630741 aVillelga Rodríguez, Emilio.9115232 aES-MaACLjA-4801-10 bR.16762 c134745d134745 00104070aATENEOMbATENEOMcSPP1d2008-01-17eSCl0oA-4801-10p1140253r2023-02-23 00:00:00w2023-02-23yMONOGRAFIA